|
|
|
|
| LEADER |
00000naa2a2200000 4500 |
| 001 |
607193 |
| 005 |
20231102023039.0 |
| 035 |
|
|
|a (RuTPU)RU\TPU\conf\4574
|
| 035 |
|
|
|a RU\TPU\conf\4571
|
| 090 |
|
|
|a 607193
|
| 100 |
|
|
|a 20140703d2014 k y0rusy50 ca
|
| 101 |
0 |
|
|a rus
|
| 102 |
|
|
|a RU
|
| 105 |
|
|
|a a z 100zy
|
| 135 |
|
|
|a drcn ---uucaa
|
| 181 |
|
0 |
|a i
|
| 182 |
|
0 |
|a b
|
| 200 |
1 |
|
|a Разработка модельного аппарата оценки конкурентоспособности инновационной машиностроительной продукции
|f А. П. Григорьева, А. А. Григорьева, Ю. М. Осипов
|
| 203 |
|
|
|a Текст
|c электронный
|
| 215 |
|
|
|a 1 файл (383 Кб)
|
| 225 |
1 |
|
|a Автоматизация и информатизация, экономика и менеджмент на предприятии
|
| 230 |
|
|
|a Электронные текстовые данные (1 файл : 383 Кб)
|
| 300 |
|
|
|a Заглавие с титульного листа.
|
| 320 |
|
|
|a [Библиогр.: с. 23-24 (10 назв.)]
|
| 337 |
|
|
|a Adobe Reader
|
| 461 |
|
1 |
|0 (RuTPU)RU\TPU\conf\4003
|t Инновационные технологии и экономика в машиностроении
|o сборник трудов V Международной научно-практической конференции, г. Юрга, 22-23 мая 2014 г.
|o в 2 т.
|f Национальный исследовательский Томский политехнический университет (ТПУ), Юргинский технологический институт (ЮТИ) ; под ред. Д. А. Чинахова
|d 2014
|
| 463 |
|
1 |
|0 (RuTPU)RU\TPU\conf\4014
|t Т. 2
|v [С. 17-24]
|d 2014
|
| 610 |
1 |
|
|a труды учёных ТПУ
|
| 610 |
1 |
|
|a электронный ресурс
|
| 610 |
1 |
|
|a модельные аппараты
|
| 610 |
1 |
|
|a конкурентоспособность
|
| 610 |
1 |
|
|a машиностроительная продукция
|
| 610 |
1 |
|
|a инновационное развитие
|
| 610 |
1 |
|
|a инновационная продукция
|
| 700 |
|
1 |
|a Григорьева
|b А. П.
|
| 701 |
|
1 |
|a Григорьева
|b А. А.
|c российский учёный в области информационных систем
|c доцент Юргинского технологического института (филиал) Томского политехнического института
|f 1961-
|g Антонина Алексеевна
|2 stltpush
|3 (RuTPU)RU\TPU\pers\24490
|
| 701 |
|
1 |
|a Осипов
|b Ю. М.
|c экономист
|c профессор Юргинского технологического института Томского политехнического университета, доктор экономических наук
|f 1943-
|g Юрий Мирзоевич
|2 stltpush
|3 (RuTPU)RU\TPU\pers\32490
|9 16437
|
| 712 |
0 |
2 |
|a Национальный исследовательский Томский политехнический университет (ТПУ)
|b Юргинский технологический институт (филиал) (ЮТИ)
|b Кафедра информационных систем (ИС)
|h 1492
|2 stltpush
|3 (RuTPU)RU\TPU\col\18893
|
| 801 |
|
2 |
|a RU
|b 63413507
|c 20140703
|g RCR
|
| 856 |
4 |
|
|u http://www.lib.tpu.ru/fulltext/c/2014/C30/V2/003.pdf
|
| 942 |
|
|
|c BK
|